Zákon č. 600/1992 Zb. z 2. decembra 1992 o cenných papieroch v znení zákona NR SR č. 88/1994 Z.z., zákona NR SR č. 246/1994 Z.z., zákona NR SR č. 249/1994 Z.z. a zákona NR SR č. 171/1995 Z.z.

Bibliographic Details
Format: Article
Language:Slovak
Subjects:

MARC

LEADER 00000nab a2200000 a 4500
001 vtls000568280
003 SK-MaSNL
005 20260304084312.0
008 250425c1995 xo 0 slo
015 |a SNBRB19rr/mm-uuuuu 
035 |a CL0568418 
035 |a urn:nbn:sk:snk-ab76to 
035 |a (uuid)1ed6e0e1-e9c3-44b8-8bf7-bc227461d8fd 
035 |a (urnnbn)urn:nbn:sk:snk:ar-a072dm 
035 |a (sysno)vtls000568280 
040 |a SNKBUCL  |b slo  |c SNKBUCL  |e AACR2 
041 0 |a slo 
044 |a xo  |c SK 
080 |a 340.133:336.763  |2 1981 
080 |a 336.763  |2 1981 
245 0 0 |a Zákon č. 600/1992 Zb. z 2. decembra 1992 o cenných papieroch v znení zákona NR SR č. 88/1994 Z.z., zákona NR SR č. 246/1994 Z.z., zákona NR SR č. 249/1994 Z.z. a zákona NR SR č. 171/1995 Z.z. 
650 0 7 |a Zákon NR SR o cenných papieroch  |2 snkbucl  |9 979785 
655 7 |a články z novín a časopisov  |2 snkbucl  |9 267496 
773 0 |t Mzdy a financie  |g Roč. 2, č. 13 (1995), s. 133-189 
850 |a Slovenská národná knižnica 
852 |a Slovenská národná knižnica 
958 |a article27 
958 |a OND 
958 |a RK 
958 |a NX 
992 |a RBX 
999 |c 2802849  |d 2804779